Diseño y montaje de un controlador discreto de posición para el carrusel de la celda de manufactura, utilizando el microcontrolador 8051
Tallennettuna:
| Päätekijä: | |
|---|---|
| Aineistotyyppi: | Kirja |
| Kieli: | Spanish |
| Julkaistu: |
San José, C.R
2000
|
| Aiheet: | |
| Tagit: |
Lisää tagi
Ei tageja, Lisää ensimmäinen tagi!
|
MARC
| LEADER | 00000nam a22000007a 4500 | ||
|---|---|---|---|
| 003 | 008590 | ||
| 005 | 20221231144207.0 | ||
| 008 | 170425b2000 CR ||||| |||||00| ||spa d | ||
| 040 | |c cru CEDI | ||
| 090 | |a TFG 4208 | ||
| 100 | |9 8070 |a Murillo Agüero, Rolando | ||
| 245 | |a Diseño y montaje de un controlador discreto de posición para el carrusel de la celda de manufactura, utilizando el microcontrolador 8051 | ||
| 260 | |a San José, C.R |c 2000 | ||
| 300 | |a ix, 36 hojas : ilustraciones | ||
| 500 | |a Proyecto de graduación (bachillerato en ingeniería eléctrica)--Universidad de Costa Rica. Facultad de Ingeniería. Escuela de Ingeniería Eléctrica | ||
| 650 | |x CONTROL AUTOMATICO |x CIRCUITOS DE INTERFAZ |9 8072 | ||
| 942 | |c TFG | ||
| 999 | |c 18240 |d 18240 | ||
